| 000 | 02748nam a2200325 i 4500 | ||
|---|---|---|---|
| 001 | 195475 | ||
| 003 | ES-MaACL | ||
| 005 | 20250708192555.0 | ||
| 008 | 240617b2008 sp ||||| |||| 00| 0 spa d | ||
| 020 | _a9783895861437 | ||
| 040 |
_bspa _cES-MaACL |
||
| 245 |
_aFronteras exteriores e interiores : _bindigenismo, género e identidad / _cIsabel García Parejo, Azucena Palacios, Isabel Rodríguez (editoras) |
||
| 260 |
_aMúnich : _bLincom GmbH, _c2008. |
||
| 300 |
_a142 páginas ; _c21 cm |
||
| 336 |
_2rdacontent _atexto |
||
| 337 |
_2rdamedia _asin mediación |
||
| 338 |
_2rdacarrier _avolumen |
||
| 520 | _aConceptos del tipo de ‘frontera’ se caracterizan por el hecho de que entrañan una dimensión simbólica al lado de la natural. La dificultad de separar ambas dimensiones, aún en aquellos casos en que la frontera se concibe en términos tan supuestamente naturales como el de límite, explica en parte la tendencia actual a interpretar dicho concepto desde presupuestos más dinámicos y multidisciplinares, en consonancia con las dinámicas sociopolíticas actuales. La originalidad de este volumen estriba en que aborda en toda su complejidad las múltiples dinámicas asociadas a los diversos tipos de fronteras. De acuerdo con esas dinámicas, diferentes colectivos construidos en torno a variables tales como el estatus social, el género, la etnia, etc., así como su interacción en contextos heterogéneos, son estudiados desde enfoques teóricos tan diversos como la antropología, la historia, la sociología, la sociolingüística, la literatura o la geografía. En definitiva, los textos reunidos en este volumen estudian las tensiones característicamente asociadas a los contextos fronterizos que, desde el punto de vista tanto colectivo como individual, remiten a procesos muy variados y a menudo contradictorios subsumidos en la construcción de las identidades sociales, y que inciden en las fronteras, haciéndolas más o menos visibles y naturalizándolas de diverso modo. | ||
| 700 |
_aGarcía Parejo, Isabel _eedt _9238802 |
||
| 700 |
_aPalacios, Azucena _eedt _9238803 |
||
| 700 |
_aRodríguez, Isabel _eedt _9238804 |
||
| 852 |
_aES-MaACL _cDEPOJ _jN-10011 _gDedicatoria autógrafa de María Teresa Ayllón Trujillo _hDonación: María Teresa Ayllón Trujillo _xEncuadernación rústica _dOlim: DB-32 _9206157 |
||
| 903 |
_9176548 _aAyllón Trujillo, María Teresa _ednr |
||
| 942 |
_cMONOGRAFIA _n0 |
||
| 999 |
_c195475 _d195475 |
||